=LDR 00000nam 2200000 4500 =001 NUTBA000000000005026 =005 20141016140838.0 =006 =007 =008 =020 ##$$a 978-602-8219-84-6 =035 ##$$a 0010-101400000000256 =040 ##$$a NBPDMAT =090 ##$$a 910 $b Glo g =245 ##$$a Glosari geografi dan kependudukan/ $c Oleh, Reni Satriani...[et.all) =260 ##$$a Jakarta : $b Perca, $c 2010 =300 ##$$a vi,123 hlm. :$bilus.; $c 25 cm. =500 ##$$a Bibilografi : hlm. 122 =650 ##$$a Geografi dan Kependudukan =700 ##$$a Reni Satrian =850 ##$$a NBPDMAT